[Event "Oberjoch op"]
[Site "Oberjoch"]
[Date "2002.??.??"]
[Round "8"]
[White "Schmidt, Werner"]
[Black "Kuerten, Jens"]
[Result "0-1"]
[WhiteElo "1988"]
[BlackElo "2016"]
[PlyCount "60"]
[EventDate "2002.??.??"]
[EventType "swiss"]
[EventRounds "9"]
[EventCountry "GER"]
[SourceTitle "EXT 2004"]
[Source "ChessBase"]
[SourceDate "2003.11.25"]
[SourceVersion "1"]
[SourceVersionDate "2003.11.25"]
[SourceQuality "1"]

1. Nf3 Nf6 2. c4 g6 3. Nc3 Bg7 4. g3 0-0 5. Bg2 c6 6. 0-0 d6 7. d4 Na6 8. e4 c5 9. h3 Nc7 10. Be3 Nd7 11. Qd2 Rb8 12. Rfd1 Ne6 13. Rab1 cxd4 14. Nxd4 Nxd4 15. Bxd4 Bxd4 16. Qxd4 Qb6 17. Nd5 Qd8 18. Qxa7 b6 19. Qa3 Bb7 20. Qe3 Bxd5 21. Rxd5 Qc7 22. b3 Ra8 23. a4 Nc5 24. e5 Ra7 25. exd6 exd6 26. Qh6 Rd8 27. Rd4 f6 28. Bd5+ Kh8 29. Rg4 Qg7 30. Rxg6 Qxg6 0-1

[Event "Oberjoch op"]
[Site "Oberjoch"]
[Date "2002.??.??"]
[Round "2"]
[White "Schmidt, Werner"]
[Black "Ten Berge, Hans JM"]
[Result "1-0"]
[WhiteElo "1988"]
[BlackElo "2133"]
[PlyCount "73"]
[EventDate "2002.??.??"]
[EventType "swiss"]
[EventRounds "9"]
[EventCountry "GER"]
[SourceTitle "EXT 2004"]
[Source "ChessBase"]
[SourceDate "2003.11.25"]
[SourceVersion "1"]
[SourceVersionDate "2003.11.25"]
[SourceQuality "1"]

1. e4 e6 2. d4 d5 3. e5 c5 4. c3 Qb6 5. Nf3 Bd7 6. Be2 cxd4 7. cxd4 Bb5 8. 0-0 Bxe2 9. Qxe2 Nc6 10. Rd1 Nge7 11. b3 Rc8 12. Bb2 Nf5 13. Qd2 Bb4 14. Qd3 0-0 15. g4 Nfe7 16. a3 Ba5 17. b4 Bxb4 18. axb4 Nxb4 19. Qb3 a5 20. Bc3 Nec6 21. Bxb4 Nxb4 22. Nc3 Rc4 23. Na4 Qc6 24. Nc5 b6 25. Nd3 Rc3 26. Nxb4 axb4 27. Qxb4 Rxf3 28. Rdc1 Qb7 29. Kg2 Rf4 30. Kg3 g5 31. Qd6 Rc8 32. Ra7 Qb8 33. Rxc8+ Qxc8 34. Rc7 Qa6 35. Qd8+ Kg7 36. Qxg5+ Kf8 37. Kxf4 1-0

[Event "Oberjoch op"]
[Site "Oberjoch"]
[Date "2001.??.??"]
[Round "5"]
[White "Klappert, Gerhard"]
[Black "Schmidt, Werner"]
[Result "0-1"]
[WhiteElo "1803"]
[BlackElo "1948"]
[PlyCount "78"]
[EventDate "2001.??.??"]
[EventType "swiss"]
[EventRounds "8"]
[EventCountry "GER"]
[SourceTitle "EXT 2003"]
[Source "ChessBase"]
[SourceDate "2002.11.25"]
[SourceVersion "1"]
[SourceVersionDate "2002.11.25"]
[SourceQuality "1"]

1. e4 e5 2. f4 exf4 3. Nf3 d6 4. d4 g5 5. h3 h6 6. Bc4 Bg7 7. c3 Ne7 8. Qb3 0-0 9. a4 Nbc6 10. Bd3 d5 11. e5 f6 12. exf6 Rxf6 13. 0-0 Rb8 14. Qc2 Bf5 15. b4 Bxd3 16. Qxd3 Ng6 17. Nbd2 Qd7 18. Nb3 b6 19. Bd2 Re8 20. Nh2 Nce7 21. Rae1 Nc8 22. a5 Nd6 23. Rxe8+ Qxe8 24. Ng4 Re6 25. axb6 axb6 26. Bc1 Nh4 27. Nd2 Re2 28. Rf2 Re6 29. Nf3 Ne4 30. Re2 Nf5 31. c4 Nfg3 32. Re1 Nd6 33. Rxe6 Qxe6 34. cxd5 Qe2 35. Nf2 Nde4 36. Qxe2 Nxe2+ 37. Kf1 N4g3+ 38. Ke1 Nxc1 39. Ne5 Nb3 0-1